[Event "Quebec-ch Intercoll"]
[Site "Longueuil"]
[Date "1994.04.01"]
[Round "1"]
[White "Latendresse, Simon"]
[Black "Robidas, Francois"]
[Result "1-0"]
[WhiteElo "1989"]
[BlackElo "1587"]
[PlyCount "87"]
[EventDate "1994.04.01"]
[EventType "swiss"]
[EventRounds "6"]
[EventCountry "CAN"]
[SourceTitle "EXT 2022"]
[Source "ChessBase"]
[SourceDate "2021.10.06"]
[SourceVersion "1"]
[SourceVersionDate "2021.10.06"]
[SourceQuality "1"]

1. e4 c5 2. Nc3 Nc6 3. f4 e6 4. Bc4 d6 5. Nf3 Nf6 6. d3 d5 7. Bb5 d4 8. Bxc6+ bxc6 9. Ne2 Be7 10. 0-0 Ba6 11. b3 0-0 12. Qe1 Rb8 13. h3 Nd7 14. g4 f5 15. gxf5 exf5 16. e5 Nb6 17. Kh2 Nd5 18. Rg1 Kh8 19. Qg3 Rg8 20. h4 Bc8 21. Rg2 Rb7 22. a4 Nb4 23. Neg1 a6 24. Nh3 Qe8 25. Ba3 Nd5 26. Rag1 Ne3 27. Re2 Qh5 28. Bc1 Bxh4 29. Qxh4 Qxf3 30. Qxh7+ Kxh7 31. Ng5+ Kh8 32. Nxf3 Ng4+ 33. Kg3 g6 34. Rh1+ Kg7 35. Ba3 c4 36. bxc4 Ne3 37. Nxd4 Nxc2 38. Nxc2 Rb3 39. Re3 Rc3 40. Rh2 Rh8 41. Rhe2 g5 42. e6 gxf4+ 43. Kxf4 Kf6 44. Bb2 1-0